Normal view MARC view

Entry Topical Term

Number of records used in: 1

001 - CONTROL NUMBER

  • control field: 755234

003 - CONTROL NUMBER IDENTIFIER

  • control field: OSt

005 - DATE AND TIME OF LATEST TRANSACTION

  • control field: 20250507130337.0

008 - FIXED-LENGTH DATA ELEMENTS

  • fixed length control field: 250507|| aca||aabn | a|a d

040 ## - CATALOGING SOURCE

  • Original cataloging agency: OSt
  • Transcribing agency: OSt

150 ## - HEADING--TOPICAL TERM

  • Topical term or geographic name entry element: Japan - Electoral pressures for change; Japan - Financial system reforms; Japanese women and administrative state; Japan - Agricultural policy; JEL

670 ## - SOURCE DATA FOUND

  • Source citation: Work cat.: (OSt)1319131: Amyx Jennifer Ed., Japanese Governance: Beyond Japan inc., 2003
Copyright @ Delhi University Library System